000 00791nam a2200253 i 4500
001 17371
003 ES-MaACL
005 20240419151527.0
007 t|
008 010226s2000 sp ||||1| spa d
020 _a84-306-0393-X
080 _a316.62(460)"19"
080 _a946.0"19"
245 0 0 _aViolencia política en la España del siglo XX /
_cSantos Juliá ... [et al.].
260 _aMadrid :
_bTaurus,
_c[2000]
300 _a422 p. ;
_c24 cm.
490 1 _aPensamiento (Taurus Ediciones
650 1 4 _aViolencia-
_zEspaña-
_yS.XX.
_917816
651 4 _aEspaña-
_xHistoria-
_yS.XX.
_9138832
700 1 _aJuliá, Santos,
_d1940-2019
_967236
830 0 _aPensamiento (Taurus Ediciones)
_9180294
852 _aES-MaACL
_jL-24281
_bR.129556
999 _c17371
_d17371